000 00203 a2200097 4500
001 47399
100 _aFarran R
245 _aOperation tom bola
260 _aLondon
_bCollins
_c
090 _c30430
_d30430
942 _aNUST-CAE
_cM
_c22704
999 _c282472
_d282472